[Event "TCh-HUN 2005-6"]
[Site "Hungary HUN"]
[Date "2005.11.27"]
[Round "4"]
[White "Berebora,F"]
[Black "Szabo,Zso3"]
[Result "1-0"]
[WhiteElo "2397"]
[BlackElo "2337"]

1.c4 b6 2.d4 Bb7 3.Nc3 e6 4.a3 f5 5.d5 Nf6 6.g3 Na6 7.Bg2 Nc5 8.e3 Bd6 9.Nge2 Be5
10.Rb1 O-O 11.O-O Nce4 12.Nxe4 fxe4 13.dxe6 dxe6 14.Qc2 Qe8 15.Bd2 Qh5 16.Nf4 Bxf4
17.exf4 e5 18.h3 Rae8 19.fxe5 Nd7 20.Bc3 Rxe5 21.Rbd1 Re7 22.Rde1 Nc5 23.Bb4 Kh8
24.Re3 Bc8 25.Qe2 Qe8 26.Bxc5 bxc5 27.Rxe4 Rxe4 28.Qxe4 Qxe4 29.Bxe4 Bxh3
30.Rd1 Be6 31.Re1 Bxc4 32.Rc1 Be2 33.Rxc5 h5 34.Rxc7 a6 35.Rc5 Kg8 36.Bg6 Rf6
37.Bxh5 Bb5 38.f4 g6 39.Bf3 Kg7 40.Kf2 Rd6 41.Rd5 Re6 42.b3 Kf6 43.a4 Be8
44.Ra5 Rb6 45.Bd5 Bf7 46.Bxf7 Kxf7 47.Kg2  1-0

[Event "8th Hilton Schachfestival"]
[Site "Basel SUI"]
[Date "2006.01.01"]
[Round "1"]
[White "Deubelbeiss,R"]
[Black "Sulava,N"]
[Result "0-1"]
[WhiteElo "2117"]
[BlackElo "2497"]

1.c4 b6 2.Nc3 e6 3.e4 Bb7 4.d4 Bb4 5.Bd3 f5 6.d5 fxe4 7.Bxe4 Qh4 8.Qe2 Nf6
9.Bf3 O-O 10.Be3 Ne4 11.Qd3 Nd6 12.dxe6 Nc6 13.Bd5 dxe6 14.Bxe6+ Kh8 15.Bd5 Ne5
16.Qd4 Qxd4 17.Bxd4 Nd3+ 18.Kd2 Bxd5 19.cxd5 Nxf2 20.Bxf2 Ne4+  0-1

[Event "10th Open"]
[Site "Bad Zwesten GER"]
[Date "2006.01.05"]
[Round "5"]
[White "Siebrecht,S"]
[Black "Tereick,B"]
[Result "0-1"]
[WhiteElo "2485"]
[BlackElo "2209"]

1.c4 b6 2.Nc3 Bb7 3.e3 e6 4.Nf3 f5 5.Be2 Nf6 6.Qc2 g6 7.d3 Bg7 8.e4 O-O 9.e5 Ng4
10.d4 d6 11.Bg5 Qe8 12.h3 Nh6 13.Nb5 Qd7 14.d5 Na6 15.Nbd4 Nc5 16.b4 exd5
17.cxd5 Ne4 18.Ne6 Nxg5 19.Nfxg5 Bxe5 20.Nxf8 Qe7 21.O-O Bxa1 22.Nfe6 Bf6
23.f4 Bxd5 24.Nxc7 Rc8 25.Bc4 Bxc4 26.Qxc4+ Nf7 27.Nge6 d5 28.Qc6 d4 29.b5 Nd8
30.Nxd8 Rxc7 31.Qd5+ Kh8 32.Ne6 Rc8 33.Kh2 h6 34.Rd1 Kh7 35.g4 Rc2+ 36.Kh1 Qa3
37.Qd7+ Be7 38.Nf8+ Kg8 39.Qd5+ Kxf8 40.Qa8+ Kg7  0-1

[Event "Open"]
[Site "Zagreb CRO"]
[Date "2006.01.17"]
[Round "4"]
[White "Banas,J"]
[Black "Kovacevic,B"]
[Result "1/2-1/2"]
[WhiteElo "2374"]
[BlackElo "2493"]

1.c4 b6 2.Nc3 Bb7 3.e4 e6 4.Nf3 Bb4 5.Qb3 Na6 6.Be2 Ne7 7.O-O O-O 8.d3 f5
9.e5 Ng6 10.a3 Nc5 11.Qc2 Bxc3 12.Qxc3 a5 13.Bg5 Qb8 14.b4  1/2-1/2

[Event "4th Parsvnath Open"]
[Site "New Delhi IND"]
[Date "2006.01.19"]
[Round "7"]
[White "Arun Prasad,S"]
[Black "Rahman,Zia"]
[Result "0-1"]
[WhiteElo "2384"]
[BlackElo "2557"]

1.c4 b6 2.Nf3 Bb7 3.g3 Bxf3 4.exf3 c5 5.Bg2 Nc6 6.b3 e6 7.Bb2 Nge7 8.f4 Nf5
9.Be4 Nfd4 10.Bxd4 cxd4 11.O-O Be7 12.d3 O-O 13.Nd2 Rb8 14.Bxc6 dxc6 15.Nf3 a5
16.Qe2 Bf6 17.Qe4 Qd6 18.Rfc1 Rfc8 19.Rc2 Qc5 20.Qe2 Ra8 21.Rb1 Ra7 22.h4 g6
23.Nd2 Qf8 24.Qe4 Bg7 25.Qe2 Re8 26.Qf3 Rc7 27.c5 b5 28.a4 Rb8 29.Ra1 bxa4
30.Rxa4 Rb5 31.Qd1 Rcb7 32.Qc1 e5 33.fxe5 Bxe5 34.Rac4 Bg7 35.Qd1 Rd7 36.Rc1 Qb8
37.Kg2 Rd5 38.Ra1 Rbxc5 39.Rxc5 Rxc5 40.Nc4 Qd8 41.Qe1 Rb5 42.Nxa5 Qd5+ 43.Kg1 Bf8
44.Ra4 h5 45.Qd2 Kh7 46.Qe1 Bg7 47.Qd2 Qf3 48.Ra2 Bf8 49.Qf4 Qd5 50.Nxc6 Rxb3
51.Ra1 Bg7 52.Qe4 Qb5 53.Nxd4 Qxd3 54.Qxd3 Rxd3 55.Ra7 Bxd4 56.Rxf7+ Kg8
57.Rf4 Rxg3+  0-1

[Event "TCh-BEL 2005-6"]
[Site "Belgium BEL"]
[Date "2006.01.21"]
[Round "7"]
[White "Bauduin,E"]
[Black "Verduyn,F"]
[Result "1-0"]
[WhiteElo "2274"]
[BlackElo "2282"]

1.c4 b6 2.Nf3 Bb7 3.g3 Bxf3 4.exf3 c5 5.d4 cxd4 6.Qxd4 Nc6 7.Qd1 g6 8.Nc3 Bg7
9.Be3 Rc8 10.Rc1 Nf6 11.Be2 O-O 12.O-O d6 13.Qa4 Qd7 14.Rfd1 Ne5 15.Qxd7 Nexd7
16.b4 Rfd8 17.Na4 Nb8 18.g4 h6 19.h4 h5 20.g5 Ne8 21.f4 e6 22.Bf3 Nc6 23.b5 Ne7
24.Nxb6 axb6 25.Bxb6 Nc7 26.Bb7 Rd7 27.Bxc8 Nxc8 28.Bxc7 Rxc7 29.a4 Bb2 30.Rb1 Ba3
31.Rb3 Bc5 32.a5 Kf8 33.b6 Rb7 34.Rb5 Ke7 35.Kg2 Rb8 36.Kf3 Rb7 37.Rd2 Rb8
38.Kg3 Rb7 39.Kh3 Rb8 40.Kh2 Ke8 41.Kg2 Ke7 42.Kf1 Ke8 43.Ke2 Ke7 44.Kd1 Ke8
45.Kc1 Ke7 46.Kc2 Ke8 47.Kb3 Ke7 48.Ka4 Ke8 49.Rxc5 dxc5 50.Kb5 Na7+ 51.Kxc5 Rc8+
52.Kb4 Nc6+ 53.Kb5 Nb8 54.a6 Nxa6 55.Kxa6 Rxc4 56.b7 Rb4 57.Rd6 Rb1 58.Rb6 Ra1+
59.Kb5 Rb1+ 60.Kc5  1-0

[Event "Winter Open"]
[Site "Belgrade SCG"]
[Date "2006.01.26"]
[Round "6"]
[White "Milijanovic,G"]
[Black "Pucarevic,M"]
[Result "0-1"]
[WhiteElo "2175"]
[BlackElo "2268"]

1.c4 b6 2.Nf3 Bb7 3.g3 Bxf3 4.exf3 c5 5.b3 Nc6 6.Bg2 e6 7.O-O Be7 8.Bb2 Bf6
9.Nc3 Nge7 10.Rb1 O-O 11.f4 Rc8 12.Re1 d6 13.d3 Bd4 14.Ne2 Bxb2 15.Rxb2 Nf5
16.Bxc6 Rxc6 17.d4 d5 18.Rd2 Rd6 19.dxc5 bxc5 20.cxd5 exd5 21.Qc2 Qd7 22.Rc1 Rc8
23.Nd4 Nxd4 24.Rxd4 Rdc6 25.Rdd1 g6 26.Qd3 Rd6 27.Rd2 a5 28.Rdc2 Rdc6 29.Rd2 d4
30.Qc4 Qh3 31.Re1 Re6 32.Re5 Rxe5 33.fxe5 h5 34.Re2 Qe6 35.Qxe6 fxe6 36.Rc2 g5
37.Kf1 Kf7 38.Ke2 Kg6 39.Kd3 Kf5 40.Re2 Rd8 41.Re4 g4 42.h3 gxh3 43.Rh4 Rh8
44.f4 h2 45.Rxh2 Kg4 46.Rc2 Kxg3 47.Rxc5 h4 48.Kxd4 h3  0-1

[Event "Festival de Meurthe-et-Moselle A"]
[Site "Nancy FRA"]
[Date "2006.02.22"]
[Round "4"]
[White "Adrian,C"]
[Black "Pucher,O"]
[Result "1-0"]
[WhiteElo "2278"]
[BlackElo "2279"]

1.c4 b6 2.Nc3 Bb7 3.d4 e6 4.a3 f5 5.d5 Nf6 6.g3 Na6 7.Bg2 Bd6 8.Nh3 Be5 9.Qc2 Nc5
10.O-O O-O 11.Rd1 Qe7 12.Be3 Nce4 13.Nxe4 fxe4 14.Ng5 exd5 15.cxd5 Bxd5 16.Rxd5 Nxd5
17.Bxe4 Nf6 18.Bxh7+ Kh8 19.Bg6 d5 20.Qf5 Ng8 21.Bf7  1-0

[Event "TCh-HUN 2005-6"]
[Site "Hungary HUN"]
[Date "2006.02.26"]
[Round "8"]
[White "Gyorkos,L"]
[Black "Szabo,Zso3"]
[Result "1/2-1/2"]
[WhiteElo "2389"]
[BlackElo "2337"]

1.c4 b6 2.Nf3 Bb7 3.g3 Bxf3 4.exf3 c5 5.Bg2 Nc6 6.O-O e6 7.Nc3 Nge7 8.f4 Nf5
9.d3 Be7 10.Rb1 O-O 11.a3 Rb8 12.Qa4 a6 13.Bd2 Nfd4 14.Qd1  1/2-1/2

[Event "Breizh Masters"]
[Site "Guingamp FRA"]
[Date "2006.03.04"]
[Round "9"]
[White "Ragot,N"]
[Black "Picard,Ro"]
[Result "0-1"]
[WhiteElo "2203"]
[BlackElo "2338"]

1.c4 b6 2.Nc3 Bb7 3.e4 e6 4.g3 f5 5.d3 Nf6 6.Bg2 fxe4 7.dxe4 Bc5 8.f3 Nc6
9.Nge2 O-O 10.a3 a5 11.Na4 Qe7 12.Qd3 Ne5 13.Qc3 Bf2+ 14.Kd1 Bc6 15.b3 Bxa4
16.bxa4 Qc5 17.Bf4 Nxc4 18.Rc1 d5 19.Kc2 Be3 20.Rce1 d4 21.Qa1 Nxa3+ 22.Kb3 Qb4+
23.Ka2 Nc2 24.Qb1 Qxa4+  0-1

[Event "TCh-FIN 2005-6"]
[Site "Espoo FIN"]
[Date "2006.03.12"]
[Round "9"]
[White "Hentunen,A"]
[Black "Luukkonen,T"]
[Result "0-1"]
[WhiteElo "2353"]
[BlackElo "2230"]

1.c4 b6 2.Nf3 Bb7 3.g3 Nf6 4.Bg2 e6 5.O-O Be7 6.d4 O-O 7.Nc3 Ne4 8.Qc2 Nxc3
9.Qxc3 f5 10.Bf4 Bf6 11.Be5 d6 12.Bxf6 Qxf6 13.Ne1 Bxg2 14.Nxg2 c5 15.Qf3 Nd7
16.dxc5 Nxc5 17.b3 Ne4 18.Qe3 Rac8 19.Rad1 Rfd8 20.Rd4 d5 21.f3 e5 22.Rdd1 d4
23.Qd3 Nc3 24.Rd2 e4 25.fxe4 fxe4 26.Qc2 d3 27.exd3 Qd4+ 28.Kh1 exd3 29.Qb2 Ne4
30.Qxd4 Rxd4 31.Rdd1 d2 32.Ne3 Nc3 33.Ra1 b5 34.cxb5 Nxb5 35.Kg2 Rd3 36.Nc4 Nc3
37.Nb2 Re3 38.Nc4 Re2+ 39.Kh3 Rf8 40.Nb2 Rxf1 41.Rxf1 Re1 42.Kg2 Rxf1 43.Kxf1 d1=Q+
44.Nxd1 Nxd1 45.Ke1 Nc3 46.a4 Kf7 47.Kd2 Ne4+ 48.Kd3 Nd6 49.b4 Ke6 50.Kd4 Nb7
51.Kc4 a6 52.Kd4 Kd6 53.h3 Ke6 54.g4 Kd6 55.h4 a5 56.bxa5 Nxa5 57.h5 Nc6+
58.Ke4 Ke6 59.g5 g6 60.hxg6 hxg6 61.Kd3 Kd5 62.Ke3 Nd4 63.a5 Ne6  0-1

[Event "ch-ARG s/f"]
[Site "Buenos Aires ARG"]
[Date "2006.03.25"]
[Round "6"]
[White "Goldwaser,C"]
[Black "Dolezal,C"]
[Result "1/2-1/2"]
[WhiteElo "2257"]
[BlackElo "2400"]

1.c4 b6 2.d4 e6 3.e4 Bb7 4.Bd3 Bb4+ 5.Bd2 Bxd2+ 6.Qxd2 f5 7.Nc3 fxe4 8.Bxe4 Bxe4
9.Nxe4 Nf6 10.Qe3 O-O 11.Nf3 Nc6 12.O-O Nxe4 13.Qxe4 Qf6 14.Rad1 Qf5 15.Rfe1 Rae8
16.Rd2 Qxe4 17.Rxe4 d5 18.cxd5 exd5 19.Rxe8 Rxe8 20.Kf1 h6 21.Rc2 Re6 22.a3 a6
23.b4 Kf8 24.Re2 Ke7 25.h4 a5 26.bxa5 Nxa5 27.Rc2 Nc4 28.Ne5 b5 29.a4 bxa4
30.Nxc4 dxc4 31.Rxc4 Ra6 32.Rxc7+ Kd6 33.Rxg7 Kd5 34.Re7 a3 35.Re1 a2 36.Ra1 Kxd4
37.Ke2 Kc3 38.Ke3 Kb2 39.Rxa2+ Rxa2 40.g4 Kc3 41.g5 Kc4 42.Ke4 Rxf2 43.gxh6 Rf7
44.h5 Kc5 45.Ke5 Kc6 46.Ke6 Rf8 47.h7 Kc7 48.Ke7 Rh8 49.Kf6 Rxh7 50.Kg6 Rh8
51.h6  1/2-1/2

[Event "LII Nacional Abierto"]
[Site "Mexico City MEX"]
[Date "2006.04.11"]
[Round "1"]
[White "Martinez,In"]
[Black "Ibarra Chami,L"]
[Result "0-1"]
[WhiteElo "1911"]
[BlackElo "2197"]

1.c4 b6 2.b3 Bb7 3.Bb2 e6 4.d3 f5 5.Nd2 Nf6 6.Ngf3 a5 7.a3 Na6 8.Qc2 Nc5
9.e3 Be7 10.Be2 O-O 11.O-O Qe8 12.Rfe1 Qg6 13.Bf1 Bd6 14.Be5 a4 15.Bxd6 axb3
16.Nxb3 cxd6 17.Nfd4 d5 18.Nb5 f4 19.Nxc5 bxc5 20.Nd6 Bc6 21.cxd5 exd5 22.e4 c4
23.exd5 Bxd5 24.Nxc4 Rac8 25.Qd2 Rxc4 26.dxc4 Bxg2 27.Bxg2 f3  0-1

[Event "Classics GMA"]
[Site "Gausdal NOR"]
[Date "2006.04.23"]
[Round "1"]
[White "Moskow,E"]
[Black "Rozentalis,E"]
[Result "0-1"]
[WhiteElo "2268"]
[BlackElo "2596"]

1.c4 b6 2.Nf3 Bb7 3.b3 Nf6 4.Bb2 e6 5.g3 Bxf3 6.exf3 d5 7.cxd5 Nxd5 8.Bb5+ c6
9.Be2 Nd7 10.O-O N7f6 11.Nc3 Be7 12.Nxd5 Qxd5 13.Qc2 O-O 14.Rad1 Rfd8 15.d4 Rac8
16.Qc3 Qf5 17.Ba6 Nd5 18.Qd3 Qxd3 19.Bxd3 Bf6 20.Rd2 Rc7 21.a3 Ne7 22.Rfd1 Rcd7
23.b4 g6 24.Kf1 c5 25.Bb5 Rd6 26.bxc5 bxc5 27.dxc5 Rxd2 28.Rxd2 Rxd2 29.Bxf6 Nd5
30.Be5 f6 31.Bd6 Kf7 32.a4 Rc2 33.Bd7 Nb4 34.Bb5 a6 35.Bd7 Nd3 36.c6 Ne5
37.Bxe5 fxe5 38.a5 Ke7 39.Bc8 Rxc6 40.Bb7 Rd6 41.Ke2 Kd7 42.Be4 Kc7 43.Ke3 Rd1
44.Bd3 Kb7 45.Bc4 Ra1 46.Bxe6 Rxa5 47.h4 Ra4 48.Bg8 h6 49.f4 exf4+ 50.gxf4 Rb4
51.Bh7 Rb6 52.f5 gxf5 53.Bxf5 a5 54.f4 a4 55.Be4+ Kc7 56.Bd5 Kd6  0-1

[Event "1st Open"]
[Site "Sofia BUL"]
[Date "2006.05.14"]
[Round "5"]
[White "Dimitrov,R"]
[Black "Spassov,L"]
[Result "1-0"]
[WhiteElo "2179"]
[BlackElo "2402"]

1.c4 b6 2.Nc3 Bb7 3.Nf3 e6 4.g3 Nf6 5.Bg2 c5 6.O-O Be7 7.d3 O-O 8.e4 d6 9.Qc2 Nc6
10.a3 Nd7 11.Ne2 Nde5 12.Nxe5 dxe5 13.b3 Qd7 14.Bb2 Rfd8 15.Rad1 a6 16.f4 Qc7
17.fxe5 Nxe5 18.Nf4 Bf8 19.Qc3 Nc6 20.Rf2 Rd7 21.Rdf1 Rad8 22.Bh3 Nd4 23.Qe1 Qc6
24.Bxd4 Rxd4 25.Rf3 Bc8 26.Qf2 Qe8 27.Nh5 R4d7 28.Rf6 Bd6 29.Qe3 Be5 30.Qg5 Bd4+
31.Kh1 g6 32.e5 Bb7+ 33.Bg2 Bxg2+ 34.Kxg2 Qe7 35.R1f3 Kh8 36.Nf4 Rg8 37.h4 Qd8
38.h5 Qc7 39.hxg6 Qxe5 40.Qh6 Rg7 41.Nh5 Rxg6 42.Rxg6 Qe2+ 43.Kh3 Rd8 44.Rxf7  1-0

[Event "TCh-NOR"]
[Site "Oslo NOR"]
[Date "2006.06.09"]
[Round "3"]
[White "Svendsen,B"]
[Black "Hammer,J"]
[Result "1/2-1/2"]
[WhiteElo "2202"]
[BlackElo "2287"]

1.c4 b6 2.d4 Bb7 3.Nc3 e6 4.Nf3 Bb4 5.Bd2 f5 6.g3 Nf6 7.Bg2 O-O 8.O-O d6
9.a3 Bxc3 10.Bxc3 Qe7 11.b4 Nbd7 12.Qc2 b5 13.cxb5 Be4 14.Qb2 Nd5 15.Bd2 N7b6
16.Ne1 Bxg2 17.Nxg2 a6 18.bxa6 Rxa6 19.Qb3 Rfa8 20.f3 Qd7 21.Rfc1 R8a7 22.Qd3 Qe8
23.e4 fxe4 24.fxe4 Nf6 25.Bg5 Nbd7 26.Bxf6 Nxf6 27.Nf4 Qa8 28.Nxe6 Rxa3 29.Rxa3 Rxa3
30.Qc4 Qxe4 31.Ng5+ Qd5 32.Qxd5+ Nxd5 33.Ne6 Rb3 34.Rf1 h6 35.Rf5 c6 36.Rf8+ Kh7
37.Rd8 Rb2 38.Rxd6 Ne3 39.Rxc6 Rg2+ 40.Kh1 Re2 41.Kg1 Rg2+ 42.Kh1 Re2 43.Kg1  1/2-1/2

[Event "ch-FIN"]
[Site "Helsinki FIN"]
[Date "2006.06.17"]
[Round "8"]
[White "Vuorisalo,V"]
[Black "Pudas,T"]
[Result "1/2-1/2"]
[WhiteElo "2184"]
[BlackElo "2168"]

1.c4 b6 2.e4 Bb7 3.Nc3 e6 4.Nf3 Bb4 5.Bd3 Ne7 6.O-O O-O 7.Bc2 d5 8.cxd5 exd5
9.d4 Bxc3 10.bxc3 dxe4 11.Ng5 Nd5 12.Nxe4 f5 13.Ng5 Nxc3 14.Qh5 h6 15.Ne6 Qd5
16.Qg6 Rf7 17.Bb3 Qc6 18.Qxf7+ Kxf7 19.Nd8+ Kg6 20.Nxc6 Nxc6 21.Bb2 Ne2+
22.Kh1 Ncxd4 23.Rad1 c5 24.Rfe1 Re8 25.Bxd4 cxd4 26.Bc4 Nc3 27.Rxe8 Nxd1
28.Rd8 Nxf2+ 29.Kg1 Ne4 30.Rxd4 Kf6 31.Rd7 Nc5 32.Rf7+ Kg6 33.Rc7 Kf6 34.Rf7+ Kg6
35.Rc7 Kf6 36.Rf7+ Kg6 37.Rc7  1/2-1/2

[Event "Open A"]
[Site "Balatonlelle HUN"]
[Date "2006.06.22"]
[Round "6"]
[White "Metaxasz,V"]
[Black "Berczes,D"]
[Result "0-1"]
[WhiteElo "2127"]
[BlackElo "2450"]

1.c4 b6 2.Nc3 Bb7 3.Nf3 Nf6 4.e3 e6 5.b3 d5 6.cxd5 exd5 7.Bb2 a6 8.d4 Bd6
9.Bd3 Nbd7 10.Qe2 O-O 11.O-O Qe7 12.Rac1 Ne4 13.g3 f5 14.Nd2 c5 15.f4 Nxd2
16.Qxd2 Rac8 17.Rfe1 c4 18.Be2 b5 19.Bf3 Nf6 20.Qg2 Qe6 21.bxc4 Rxc4 22.a3 Rfc8
23.Qc2 Rxc3 24.Bxc3 Bxa3 25.Rb1 b4 26.Rb3 Rxc3 27.Rxc3 bxc3 28.Qxc3 Qe7 29.Rb1 Bd6
30.Qb3 Bc6 31.Rc1 Qb7 32.Qc2 Bb5 33.Qxf5 Bd7 34.Qc2 a5 35.Qa2 Qb5 36.Rb1 Qd3
37.Rb3 Qc4 38.Be2 Qc7 39.Qb2 Bb4 40.Bd3 Ba4 41.Rxb4 axb4  0-1

[Event "III Open"]
[Site "Sanxenxo ESP"]
[Date "2006.06.27"]
[Round "2"]
[White "Gil Reguera,J"]
[Black "Torres Samper,R"]
[Result "1-0"]
[WhiteElo "2261"]
[BlackElo "2100"]

1.c4 b6 2.d4 Bb7 3.Nc3 e6 4.a3 f5 5.Nf3 Nf6 6.d5 Be7 7.g3 exd5 8.cxd5 a5
9.Bg2 Na6 10.O-O O-O 11.Nd4 Nc5 12.Nxf5 Nxd5 13.Bxd5+ Bxd5 14.Qxd5+ Kh8 15.Nxe7  1-0

[Event "II Balazs-Diak Cup U-18"]
[Site "Balatonlelle HUN"]
[Date "2006.07.05"]
[Round "5"]
[White "Berki,F"]
[Black "Bednay,B"]
[Result "1/2-1/2"]
[WhiteElo "2046"]
[BlackElo "2169"]

1.c4 b6 2.Nc3 e6 3.Nf3 Bb7 4.g3 Bxf3 5.exf3 c5 6.Bg2 Nc6 7.O-O Be7 8.d3 Nf6
9.Be3 O-O 10.f4 Rc8 11.b3 d5 12.Bc1 Nd4 13.Ne2 Nf5 14.Bb2 d4 15.Bc1 h5 16.h3 g6
17.Kh1 Kg7 18.Ng1 Rh8 19.Nf3 Bd6 20.Ng5 Nh7 21.Re1 Nxg5 22.fxg5 Qc7 23.Qf3 Qd8
24.h4 Re8 25.Bh3 Rc7 26.Bd2 Qa8 27.Qxa8 Rxa8 28.Bxf5 gxf5 29.Bf4 Rd7 30.Bxd6 Rxd6
31.f4 Kf8 32.Re5 Rc6 33.Rae1 Rb8 34.a4 a6 35.Rc1 Ke7 36.Rce1 b5 37.axb5 axb5
38.Rd1 bxc4 39.bxc4 Rb2 40.Kg1 Ra6 41.Rxc5 Raa2 42.Rb5 Rg2+ 43.Kf1 Rxg3 44.Rb7+ Kf8
45.Rb8+ Kg7 46.c5 Rc2 47.Ra1 Rxd3 48.c6 Rf3+ 49.Kg1 Rg3+ 50.Kf1 Rf3+ 51.Kg1 Rd3
52.c7 Rdc3 53.Raa8 Rc1+ 54.Kf2 R3c2+ 55.Kf3 Rf1+ 56.Kg3 Rg1+ 57.Kf3  1/2-1/2

[Event "DS IM"]
[Site "Brno CZE"]
[Date "2006.07.06"]
[Round "8"]
[White "Marszalek,Mac"]
[Black "Zamarbide Inarrea,B"]
[Result "1/2-1/2"]
[WhiteElo "2401"]
[BlackElo "2184"]

1.c4 b6 2.Nc3 e6 3.g3 Bb7 4.Nf3 Bb4 5.Bg2 f5 6.O-O Nf6 7.Qc2 O-O 8.b3 Bxc3
9.Qxc3 Ne4 10.Qc2 Qe7 11.Bb2 d6 12.d4 Nd7 13.Rad1 Rae8 14.b4 Qf7 15.Qa4 Ndf6
16.Ne1 Ng4 17.Nf3 a6 18.Qb3 Qh5 19.h3 Ngf6 20.d5 e5 21.Nh2 Bc8 22.Qd3 g5
23.Bc1 Qg6 24.Rfe1 h5 25.Nf1 h4 26.Nd2 Nxf2 27.Kxf2 e4 28.Qc3 f4 29.g4 e3+
30.Kg1 exd2 31.Rxd2 Ne4 32.Qc2 Kh7 33.Rd4 Ng3 34.Qxg6+ Kxg6 35.Bf3 Re7 36.Rd2 Rfe8
37.Rc2  1/2-1/2

[Event "Open"]
[Site "Kiel GER"]
[Date "2006.07.23"]
[Round "3"]
[White "Jochens,A"]
[Black "Wisnewski,C"]
[Result "1/2-1/2"]
[WhiteElo "2218"]
[BlackElo "2417"]

1.c4 b6 2.Nc3 Bb7 3.e4 e6 4.Nge2 Nf6 5.d3 c5 6.g3 d5 7.exd5 exd5 8.Bg2 Qd7
9.Nf4 dxc4 10.dxc4 Bxg2 11.Nxg2 Qxd1+ 12.Kxd1 Nc6 13.Be3 Bd6 14.Ke2 Be5 15.Rac1 O-O-O
16.b3 Rhe8 17.Rhd1 Nd4+ 18.Kf1 Ng4 19.Nf4 Bxf4 20.Bxf4 Nxh2+ 21.Kg2 Ng4 22.Re1 Re6
23.Rxe6 Nxe6 24.Kf3 h5 25.Be3 Nf6 26.Ne4 Nxe4 27.Kxe4 Re8 28.Rh1 g6 29.Ke5 Re7
30.Kf6 Rd7 31.g4 hxg4 32.Rg1 Nc7 33.Rxg4 Ne8+ 34.Kg5 Re7 35.Rg1 Re5+ 36.Kf4 Rf5+
37.Ke4 Nd6+ 38.Kd3 Rh5 39.Rd1 Rh3 40.a3 g5 41.Kc2 Ne4 42.Rd5 f6 43.b4 cxb4
44.axb4 Kc7 45.Rf5 Rh4 46.Kd3 Nd6 47.Rxf6 Nxc4 48.Bxg5 Ne5+ 49.Kc3 Rh3+ 50.Be3  1/2-1/2

[Event "Czech Open B1"]
[Site "Pardubice CZE"]
[Date "2006.07.23"]
[Round "3"]
[White "Werthebach,F"]
[Black "Eriksson,Mag2"]
[Result "1/2-1/2"]
[WhiteElo "2120"]
[BlackElo "2179"]

1.c4 b6 2.Nc3 Bb7 3.d4 e6 4.Nf3 Bb4 5.a3 Bxc3+ 6.bxc3 Nf6 7.a4 Nc6 8.Ba3 d6
9.e3 O-O 10.Be2 Re8 11.O-O Ne4 12.Qc2 f5 13.Bd3 e5 14.Bxe4 fxe4 15.Qxe4 Na5
16.d5 c6 17.h4 cxd5 18.cxd5 h6 19.Rfd1 Rc8 20.Qg6 Nc4 21.e4 Nxa3 22.Rxa3 Rf8
23.Rd3 Rf6 24.Qg4 Qe8 25.Nd2 Rc7 26.Rg3 Rf4 27.Qg6 Qf8 28.Qxh6 Rcf7 29.Nf3 Rxe4
30.Qg6 Rff4 31.Ra1 Bc8  1/2-1/2

[Event "Czech Open A"]
[Site "Pardubice CZE"]
[Date "2006.07.25"]
[Round "5"]
[White "Vokoun,J"]
[Black "Rogule,L"]
[Result "0-1"]
[WhiteElo "2217"]
[BlackElo "2342"]

1.c4 b6 2.d4 Nf6 3.Nf3 e6 4.g3 Bb7 5.Bg2 Bb4+ 6.Nbd2 O-O 7.O-O d5 8.Ne5 a5
9.Qc2 a4 10.Nd3 Be7 11.c5 Nc6 12.Nf3 Ne4 13.Be3 bxc5 14.Nxc5 Nxc5 15.dxc5 Bf6
16.Rad1 e5 17.a3 Qe7 18.h4 h6 19.Nh2 d4 20.Bd2 Qe6 21.Be4 Rfd8 22.Rc1 d3
23.Bxd3 Nd4 24.Qd1 e4 25.Bc4 Qh3 26.Be3 Nf3+ 27.exf3 Rxd1 28.Rfxd1 exf3 29.Bf1 Qe6
30.Bd4 Bc6 31.Re1 Qf5 32.Bxf6 Qxf6 33.Rc3 Rb8 34.Ng4 Qd4 35.Rc4 Qd2 36.Re7 Rxb2
37.h5 f5  0-1

[Event "San Agustin Open"]
[Site "Aviles ESP"]
[Date "2006.08.07"]
[Round "3"]
[White "Andrei,G"]
[Black "Chueca Forcen,A"]
[Result "0-1"]
[WhiteElo "2131"]
[BlackElo "2057"]

1.c4 b6 2.Nc3 c5 3.Nf3 Bb7 4.e3 Nf6 5.d4 cxd4 6.exd4 g6 7.Bf4 Bg7 8.Be2 d6
9.O-O O-O 10.Qd2 Nbd7 11.Rad1 Rc8 12.b3 d5 13.cxd5 Nxd5 14.Nxd5 Bxd5 15.Rc1 Nf6
16.Rxc8 Qxc8 17.Rc1 Qa8 18.Bh6 Rc8 19.Bxg7 Kxg7 20.Qe3 e6 21.h3 Rc6 22.Bc4 Bxf3
23.gxf3 Qc8 24.Rd1 Rd6 25.Qe5 Qd8 26.Kg2 Kg8 27.Kg1 Nd5 28.Bxd5 Rxd5 29.Qe3 Qh4
30.Kh2 Rh5 31.f4 Rf5 32.Qg3 Qxf4 33.Qxf4 Rxf4 34.Kg3 Rf5 35.Rc1 Kg7 36.Rc7 a5
37.Rb7 b5 38.a4 b4 39.Rb5 Kf6 40.Kg4 Rxb5 41.axb5 Ke7 42.Kf4 a4 43.b6 Kd6
44.b7 Kc7 45.Ke5 axb3  0-1

[Event "FSIMA August"]
[Site "Budapest HUN"]
[Date "2006.08.13"]
[Round "9"]
[White "Borgbjerg,E"]
[Black "Woodward,T"]
[Result "0-1"]
[WhiteElo "2303"]
[BlackElo "2352"]

1.c4 b6 2.b4 e6 3.Bb2 f5 4.Nf3 Nf6 5.b5 Bb7 6.g3 d6 7.Bg2 e5 8.d3 Be7 9.O-O O-O
10.Nc3 Nbd7 11.e4 f4 12.Nd5 Nc5 13.gxf4 Nxd5 14.cxd5 Rxf4 15.d4 exd4 16.Nxd4 Bf6
17.f3 Rh4 18.Qd2 Bc8 19.f4 Bd7 20.Rae1 Bxd4+ 21.Qxd4 Rg4 22.Kh1 Bxb5 23.Rg1 Qf6
24.Qb4 Nd3 25.Rgf1 Nxb4 26.Bxf6 Bxf1  0-1

[Event "Petrovskaja Ladja A2"]
[Site "Peterhof RUS"]
[Date "2006.08.14"]
[Round "1"]
[White "Timofeev,An"]
[Black "Kaliberda,V"]
[Result "1-0"]
[WhiteElo "2316"]
[BlackElo "2397"]

1.c4 b6 2.Nc3 Bb7 3.Nf3 Nf6 4.g3 e6 5.Bg2 c5 6.O-O Be7 7.d4 cxd4 8.Nxd4 Bxg2
9.Kxg2 Qc7 10.Qd3 a6 11.Qf3 Ra7 12.b3 O-O 13.Rd1 Qb7 14.Bb2 Qxf3+ 15.Kxf3 Rc8
16.e4 d6 17.Rd2 Nbd7 18.Rad1 Nc5 19.Ba3 h6 20.Bxc5 bxc5 21.Nc2 Nd7 22.Kg2 Ne5
23.f4 Nc6 24.Na4 Rb7 25.Kf2 Kf8 26.Ke3 g6 27.Rd3 Ke8 28.R3d2 Rd8 29.Rd3 f5
30.exf5 gxf5 31.Kf2 Kf7 32.h3 h5 33.R3d2 Rc7 34.Rd3 Rdc8 35.h4 Nb8 36.Ne1 Nc6
37.Nf3 e5 38.Rxd6 Bxd6 39.Rxd6 exf4 40.gxf4 Nd4 41.Ne5+ Kg7 42.Nxc5 Rxc5
43.Rxd4 R5c7 44.Rd6 Kh7 45.Rf6 Rg7  1-0

[Event "VIII Open"]
[Site "Sants ESP"]
[Date "2006.08.27"]
[Round "3"]
[White "Lorenzo de la Riva,L"]
[Black "Cicak,S"]
[Result "0-1"]
[WhiteElo "2296"]
[BlackElo "2532"]

1.c4 b6 2.d4 Bb7 3.Nf3 e6 4.e3 Nf6 5.Bd3 c5 6.O-O cxd4 7.exd4 d6 8.Nc3 Nbd7
9.Ng5 Be7 10.Re1 O-O 11.Re3 h6 12.Nh3 Ne8 13.Bc2 e5 14.d5 Bc8 15.g4 Bh4 16.f3 Ndf6
17.Nf2 g6 18.Re2 Kg7 19.h3 h5 20.Qd2 Rh8 21.Kg2 a6 22.b3 b5 23.g5 Nh7 24.f4 exf4
25.Nce4 Bxg5 26.Bb2+ Kh6 27.Kf3 Ng7 28.Rg1 Nf5 29.Ng4+ hxg4+ 30.hxg4 Nh4+
31.Kf2 Re8 32.Qd4 f6 33.Nxg5 Rxe2+ 34.Kxe2 Nxg5 35.Qxf4 Nf3 36.Rf1 Ne5 37.Qxf6 Bxg4+
38.Ke3 Qxf6 39.Rxf6 Re8 40.Kf4 Bd1 41.Bb1 bxc4 42.bxc4 Rb8 43.Bxe5 dxe5+
44.Kxe5 Rxb1 45.c5 Bf3 46.Rxa6 Re1+  0-1

[Event "5th Kesarovski - Georgiev Mem"]
[Site "Sunny Beach BUL"]
[Date "2006.09.04"]
[Round "3"]
[White "Metz,Ha"]
[Black "Schebler,G"]
[Result "1/2-1/2"]
[WhiteElo "2302"]
[BlackElo "2499"]

1.c4 b6 2.Nc3 e6 3.Nf3 Bb7 4.g3 Bxf3 5.exf3 c5 6.Bg2 Nc6 7.f4 Nge7 8.b3 Nf5
9.Bb2 Be7 10.Ne2 Bf6 11.Bc3 O-O 12.O-O Rc8 13.Rc1 g6 14.Be4 Nfd4 15.Nxd4 Nxd4
16.d3 Bg7 17.Re1 f5 18.Bg2 Rf7 19.Bxd4 Bxd4 20.Qd2 Qf6 21.Re2 h6 22.b4 cxb4
23.Qxb4 Qd8 24.Qd6 Bc5 25.Qe5 Qc7 26.d4 Qxe5 27.dxe5 b5 28.Rec2 b4 29.Bb7 Rb8
30.Ba6 Kf8 31.Rd1 Ke7 32.Rcd2 Rd8 33.Bb5 d6 34.h4 Rff8 35.Kf1 dxe5 36.fxe5 Rxd2
37.Rxd2 Rd8 38.Rxd8 Kxd8 39.f4 g5 40.hxg5 hxg5 41.Ke2 g4 42.Ba4 Kc7 43.Be8 a5
44.Ba4 Bd4 45.Be8  1/2-1/2

[Event "ch-EU"]
[Site "Liverpool ENG"]
[Date "2006.09.11"]
[Round "6"]
[White "Grant,J"]
[Black "Wilson,A"]
[Result "0-1"]
[WhiteElo "2251"]
[BlackElo "2090"]

1.c4 b6 2.d4 e6 3.e4 Bb7 4.Bd3 f5 5.exf5 Bb4+ 6.Kf1 Nf6 7.Nf3 O-O 8.c5 bxc5
9.a3 c4 10.Bxc4 Ba5 11.Nc3 Nc6 12.Bg5 Ne7 13.Qd3 Bxc3 14.bxc3 Be4 15.Qe2 Nxf5
16.Nd2 Nd6 17.f3 Bc6 18.Bd3 Qe8 19.Kg1 Qh5 20.Bxf6 Rxf6 21.Ne4 Nxe4 22.Bxe4 Bxe4
23.Qxe4 Raf8 24.Qe5 Qg6 25.Qg3 Qd3 26.Qe1 Rg6 27.h3 Rxf3 28.Rd1 Qxc3 29.Kh2 Qxe1
30.Rhxe1 Rxa3 31.Rd2 Rg5 32.Rb1 Kf7 33.Rb7 Ke7 34.Rxc7 Ra4 35.Rc3 a5 36.Kg1 Rf5
37.Kh2 Rd5 38.Rcd3 Rb4 39.Kg3 a4 40.Kf2 Rb3 41.Rxb3 axb3 42.Rb2 Rb5 43.Ke3 Kd6
44.Kd2 Kd5 45.Kc1 Kc4 46.g4 Ra5 47.Rb1 Ra2 48.Kd1 Rh2 49.Rc1+ Kd3  0-1

[Event "Tatry Open"]
[Site "Tatranske Zruby SVK"]
[Date "2006.09.28"]
[Round "7"]
[White "Socha,J"]
[Black "Garancovsky,P"]
[Result "1/2-1/2"]
[WhiteElo "1977"]
[BlackElo "2151"]

1.c4 b6 2.Nc3 Bb7 3.d4 e6 4.e3 Nf6 5.Nf3 d5 6.cxd5 Nxd5 7.Bb5+ c6 8.Be2 Be7
9.Qb3 O-O 10.Nxd5 cxd5 11.O-O Nc6 12.Bd2 Bd6 13.Rac1 g5 14.Bb5 g4 15.Ne1 Rc8
16.Bxc6 Bxc6 17.Bb4 Bxb4 18.Qxb4 Qd7 19.Nd3 f6 20.Qd2 Bb5 21.Rfe1 Rxc1 22.Rxc1 Rc8
23.Nf4 Kf7 24.Rc3 Rxc3 25.Qxc3 Qc6 26.Qxc6 Bxc6 27.Kf1 e5 28.Ne2 Ke6 29.Nc3 Kf5
30.g3 Ke6 31.b4 Be8  1/2-1/2

[Event "Goodbye Summer Open"]
[Site "Omis CRO"]
[Date "2006.10.05"]
[Round "2"]
[White "Ramesa,D"]
[Black "Zaja,I"]
[Result "0-1"]
[WhiteElo "2253"]
[BlackElo "2445"]

1.c4 b6 2.Nc3 e6 3.e4 Bb7 4.Nf3 Bb4 5.Bd3 Ne7 6.O-O O-O 7.Bc2 f5 8.e5 Bxf3
9.Qxf3 Nbc6 10.a3 Bc5 11.Ne2 Ng6 12.Qc3 Qh4 13.b4 Nd4 14.Ng3 Nxc2 15.Qxc2 Bd4
16.Bb2 f4 17.Ne4 Bxb2 18.Qxb2 f3 19.Rfe1 Nf4 20.Ng3 Nh3+ 21.Kf1 Qxc4+  0-1